Gardiens des cités perdues - Shannon Messenger - Statistiques

Statistiques générales
  • Ce quiz a été pris 657 fois
  • Le résultat moyen est 7 sur 15
Statistiques - réponses
Hint Réponse % Correct
Peluche de Sophie Ella
89%
Demeure de Fitz Everglen
63%
Soeur de Sophie Amy Foster
61%
Groupe rebelle qui a créé Sophie Cygne Noir
61%
Groupe ennemi de Sophie Invisibles
61%
Ville humaine de Sophie San Diego
61%
Nombre de Conseillers 12
58%
Mère de Keefe Lady Gisela
57%
Nom du lutin de Sophie Iggy
51%
Mère biologique de Sophie Conseillère Oralie
50%
Titre du huitième livre Héritage
24%
Assassin de Mr Forkle Gethen
22%
Nom de la banshee de Elwin Bulhorn
21%
Parents de Dex Kesler Diznee et Juline Diznee
13%
Talents de Sophie Télépathe, Instillatrice, Polyglotte, Téléporteuse, Optimisatrice
2%
Aucun quiz correspondant
Distribution des résultats
% des personnes avec chaque résultat
Percentile par nombre de réponses
Votre historique - résultats
Vous n’avez pas pris ce quiz